Bežná forma prenájmu Leasing
Výklad pojmu leasing. Druhy leasingu: finančný leasing, spätný (back) leasing, operatívny leasing, úplný leasing (full service), leasing s povinnosťou alebo právom spätnej kúpy. Podmienky uzavretia zmluvných vzťahov leasingu. Podmienky poskytovania leasingu. Prídavné služby. Výhody a nevýhody leasin...
Saved in:
| Main Author: | |
|---|---|
| Format: | Book Chapter |
| Language: | Slovak |
| Subjects: | |
| Tags: |
No Tags, Be the first to tag this record!
|
MARC
| LEADER | 00000naa a2200000 4500 | ||
|---|---|---|---|
| 001 | r016826 | ||
| 005 | 20221205101542.0 | ||
| 041 | 0 | |a slo | |
| 044 | |a SK | ||
| 245 | 1 | 0 | |a Bežná forma prenájmu |b Leasing |c M. Bagín |
| 520 | |a Výklad pojmu leasing. Druhy leasingu: finančný leasing, spätný (back) leasing, operatívny leasing, úplný leasing (full service), leasing s povinnosťou alebo právom spätnej kúpy. Podmienky uzavretia zmluvných vzťahov leasingu. Podmienky poskytovania leasingu. Prídavné služby. Výhody a nevýhody leasingu. Problémy vznikajúce počas trvania doby prenájmu. Podmienky rozvoja leasingových operácií. | ||
| 610 | 2 | 0 | |a lízing |
| 610 | 2 | 0 | |a pojmy |
| 610 | 2 | 0 | |a prenájom |
| 610 | 2 | 0 | |a spoločnosti lízingové |
| 610 | 2 | 0 | |a vzťahy zmluvné |
| 610 | 2 | 0 | |a lízing finančný |
| 610 | 2 | 0 | |a lízing operatívny |
| 610 | 2 | 0 | |a lízing spätný |
| 100 | 1 | |a Bagín, M. | |